| 000 | 00476nam a2200169Ia 4500 | ||
|---|---|---|---|
| 999 |
_c1584 _d1584 |
||
| 003 | OSt | ||
| 005 | 20211102114605.0 | ||
| 008 | 190216s9999||||xx |||||||||||||| ||und|| | ||
| 040 | _coclc | ||
| 082 |
_a632.4 _bRAG/F |
||
| 100 |
_aRagland, Annie _94791 |
||
| 245 | 0 |
_aFungi And Plant Pathology / _cAnnie Ragland |
|
| 260 |
_bSaras Publications, _aTamil Nadu: _c2002. |
||
| 300 | _a348p | ||
| 650 | _aBotany | ||
| 942 |
_cBK _2ddc _h632.4 _iRAG/F _k632.4 _mRAG/F |
||